Dla Geo Mex - Statystyki

Ogólne statystyki
  • Ten quiz został rozwiązany 121 razy
  • Średni wynik to 2 z 15
Statystyki odpowiedzi
Hint Odpowiedź % Poprawnych
170 mln Erling Halland
97%
90 mln Pedri
11%
120 mln Vinicius Junior
10%
160 mln Kylian Mebappe
8%
110 mln Phil Foden
7%
80 mln Gavi
4%
90 mln Jude Bellingham
4%
90 mln Bukayo Saka
3%
85 mln Jamal Musiala
2%
80 mln Rafael Leão
2%
80 mln Rodrygo
2%
85 mln Dušan Vlahović
1%
80 mln Federico Valverde
1%
90 mln Harry Kane
1%
80 mln Aurélien Tchouameni
0%
Nie znaleziono quizów pasujących do podanych kryteriów
Rozkład punktacji
Procent ludzi z każdym wynikiem
Percentyl według liczby udzielonych odpowiedzi
Twoja historia wyników
Nie rozwiązałeś tego quizu